000
00212nam a22000857a 4500
008
160706b xxu||||| |||| 00| 0 eng d
100
_9
2363
_a
Doyle, S.A
245
_a
Sherlock Holmes
260
_a
New Delhi
_b
Book Palace
999
_c
2041
_d
2041